|
|
|
|
| LEADER |
01082cam a2200253 a 4500 |
| 001 |
c000392547 |
| 003 |
CARM |
| 005 |
20130121140054.0 |
| 008 |
130121s1945 enkac 000 0 eng d |
| 019 |
1 |
|
|a 69840521
|5 LACONCORD2021
|
| 035 |
|
|
|a (OCoLC)220752622
|5 LACONCORD2021
|
| 040 |
|
|
|a NUN:S
|b eng
|c NUN:S
|
| 110 |
2 |
|
|a Cambridge Instrument Company.
|
| 245 |
1 |
0 |
|a 50 years of scientific instrument manufacture /
|c Cambridge Instrument Company.
|
| 260 |
|
|
|a London :
|b Cambridge Instrument Company,
|c 1945.
|
| 300 |
|
|
|a 26 p. :
|b ill., ports. ;
|c 26 cm.
|
| 490 |
0 |
|
|a [Cambridge monograph ;
|v no. 1]
|
| 500 |
|
|
|a "This article... has been reprinted from "Engineering," May 11 and 25, June 15 and 29 ... 1945".
|
| 650 |
|
0 |
|a Scientific apparatus and instruments.
|
| 852 |
8 |
|
|b CARM
|p 0588904
|f BK
|
| 852 |
8 |
|
|b SCAN
|h A3:AG30C0
|i F08348
|p 0588904
|f BK
|
| 999 |
f |
f |
|i 7f15b405-e0c8-562d-8797-8835cf219020
|s 3ec902aa-61e9-5b9e-9aea-7cd006248463
|
| 952 |
f |
f |
|p Can circulate
|a CAVAL
|b CAVAL
|c CAVAL
|d CARM 1 Store
|i book
|m 0588904
|
| 952 |
f |
f |
|a CAVAL
|b CAVAL
|c CAVAL
|d Unmapped Location
|e F08348
|f A3:AG30C0
|h Other scheme
|